[Event "Titled Tuesday intern op 12th May"]
[Site "Chess.com INT"]
[Date "2020.05.12"]
[Round "3"]
[White "Grabinsky, Joshua"]
[Black "Janik, Igor"]
[Result "0-1"]
[WhiteElo "2251"]
[BlackElo "2467"]
[PlyCount "76"]
[EventDate "2020.05.12"]
[EventType "swiss (blitz)"]
[EventRounds "10"]
[EventCountry "USA"]
[SourceTitle "EXT 2021"]
[Source "ChessBase"]
[SourceDate "2020.10.23"]
[SourceVersion "1"]
[SourceVersionDate "2020.10.23"]
[SourceQuality "1"]

1. e4 c6 2. Bc4 d5 3. Bb3 dxe4 4. Qh5 g6 5. Qh4 Nf6 6. Nc3 Bf5 7. f3 exf3 8. Nxf3 Bg7 9. 0-0 e6 10. d4 Nd5 11. Bg5 Qb6 12. Nxd5 cxd5 13. Bf6 0-0 14. Bxg7 Kxg7 15. c3 Nd7 16. Rae1 Qd8 17. Qxd8 Raxd8 18. h3 h6 19. Ba4 Nb6 20. Bb3 Bd3 21. Rf2 Bc4 22. Ne5 Bxb3 23. axb3 Nd7 24. Nxd7 Rxd7 25. Ra1 a6 26. b4 Rc8 27. g4 f6 28. Re1 Re7 29. Rfe2 Rce8 30. Kf2 e5 31. dxe5 Rxe5 32. Rxe5 Rxe5 33. Ra1 Kf7 34. Ra5 Ke6 35. Kf3 h5 36. Rc5 hxg4+ 37. hxg4 Kd7 38. b3 b6 0-1

[Event "Titled Tuesday intern op 28th Apr"]
[Site "Chess.com INT"]
[Date "2020.04.28"]
[Round "2"]
[White "Hristodorescu, Daniel"]
[Black "Grabinsky, Joshua"]
[Result "0-1"]
[WhiteElo "2211"]
[BlackElo "2251"]
[PlyCount "92"]
[EventDate "2020.04.28"]
[EventType "swiss (blitz)"]
[EventRounds "10"]
[EventCountry "USA"]
[SourceTitle "EXT 2021"]
[Source "ChessBase"]
[SourceDate "2020.10.23"]
[SourceVersion "1"]
[SourceVersionDate "2020.10.23"]
[SourceQuality "1"]

1. e4 e6 2. d4 d5 3. Nc3 Bb4 4. Nge2 dxe4 5. a3 Be7 6. Nxe4 b6 7. N2g3 Bb7 8. Bb5+ Nd7 9. 0-0 a6 10. Bd3 Ngf6 11. c3 h5 12. Qe2 h4 13. Nxf6+ Nxf6 14. Ne4 Qd5 15. f3 Qh5 16. Nxf6+ Bxf6 17. Be4 0-0-0 18. h3 Rhe8 19. Bf4 e5 20. dxe5 Bxe5 21. Bxe5 Rxe5 22. Rad1 Rxd1 23. Qxd1 Bxe4 24. fxe4 Qxd1 25. Rxd1 Rxe4 26. Kf2 f5 27. Rd5 g6 28. Kf3 Re1 29. Rd2 Kb7 30. Kf4 Rf1+ 31. Kg5 f4 32. Kxh4 f3 33. Kg5 Rg1 34. g4 Rg2 35. Rd3 Rg3 36. Rd1 Rxh3 37. Kxg6 Kc6 38. g5 f2 39. Rf1 Rf3 40. Kh7 Kd6 41. g6 Ke7 42. g7 Rh3+ 43. Kg6 Rg3+ 44. Kh6 Rg2 45. Kh7 Kf6 46. g8Q Rh2# 0-1

[Event "Titled Tuesday intern op 21st April"]
[Site "Chess.com INT"]
[Date "2020.04.21"]
[Round "3"]
[White "Akobian, Varuzhan"]
[Black "Grabinsky, Joshua"]
[Result "1-0"]
[WhiteElo "2614"]
[BlackElo "2251"]
[PlyCount "119"]
[EventDate "2020.04.21"]
[EventType "swiss (blitz)"]
[EventRounds "10"]
[EventCountry "USA"]
[SourceTitle "EXT 2021"]
[Source "ChessBase"]
[SourceDate "2020.10.23"]
[SourceVersion "1"]
[SourceVersionDate "2020.10.23"]
[SourceQuality "1"]

1. d4 c5 2. d5 e5 3. e4 d6 4. Nc3 g6 5. f4 exf4 6. Bxf4 Bg7 7. Nb5 Be5 8. Bxe5 dxe5 9. Nf3 a6 10. Na3 Bg4 11. Nc4 f6 12. a4 Ne7 13. Be2 Nc8 14. 0-0 Nd6 15. Nfd2 Bxe2 16. Qxe2 0-0 17. a5 Nxc4 18. Nxc4 Nd7 19. Ra3 Qc7 20. Rb3 Rf7 21. Nb6 Nxb6 22. Rxb6 Qe7 23. Re6 Qd8 24. Qf2 Kg7 25. Qxc5 Rc8 26. Qf2 f5 27. Rxe5 Qc7 28. Qd4 Qc5 29. Qxc5 Rxc5 30. exf5 gxf5 31. c3 Kg6 32. Rd1 Rd7 33. Re6+ Kg5 34. d6 Rxa5 35. Re7 Rxe7 36. dxe7 Re5 37. Rd7 b5 38. Ra7 f4 39. Kf2 h5 40. Rxa6 Rxe7 41. Ra5 Rd7 42. Rxb5+ Kg4 43. Re5 Rd2+ 44. Re2 Rd1 45. Rc2 h4 46. h3+ Kf5 47. c4 Ke6 48. c5 Kd7 49. c6+ Kc7 50. b4 Rd4 51. b5 Rb4 52. Rc5 Rb3 53. Rf5 Kd6 54. Rxf4 Rxb5 55. Rxh4 Kxc6 56. Rd4 Kc5 57. Rd1 Rb8 58. h4 Rh8 59. g3 Rd8 60. Rxd8 1-0

[Event "Titled Tuesday intern op 21st April"]
[Site "Chess.com INT"]
[Date "2020.04.21"]
[Round "2"]
[White "Grabinsky, Joshua"]
[Black "Kukavica, Tony"]
[Result "1-0"]
[WhiteElo "2251"]
[BlackElo "2035"]
[PlyCount "55"]
[EventDate "2020.04.21"]
[EventType "swiss (blitz)"]
[EventRounds "10"]
[EventCountry "USA"]
[SourceTitle "EXT 2021"]
[Source "ChessBase"]
[SourceDate "2020.10.23"]
[SourceVersion "1"]
[SourceVersionDate "2020.10.23"]
[SourceQuality "1"]

1. e4 c5 2. Nf3 e6 3. d4 cxd4 4. Nxd4 Nc6 5. Nc3 a6 6. g3 Bc5 7. Nb3 Ba7 8. Bg2 Nge7 9. 0-0 0-0 10. Qe2 b5 11. a3 Bb7 12. Be3 Qc7 13. Rad1 Bxe3 14. Qxe3 Ne5 15. Kh1 Nc4 16. Qc1 f5 17. f4 fxe4 18. Bxe4 Nf5 19. Rf3 d5 20. Bxf5 d4 21. Bxe6+ Kh8 22. Nxd4 Rad8 23. Bg4 Qc5 24. Ne6 Bxf3+ 25. Bxf3 Qf2 26. Rf1 Qxf1+ 27. Qxf1 Ne3 28. Qf2 1-0

[Event "Titled Tuesday intern op 14th April"]
[Site "Chess.com INT"]
[Date "2020.04.14"]
[Round "6"]
[White "Grabinsky, Joshua"]
[Black "Suleymanov, Suleyman"]
[Result "1-0"]
[WhiteElo "2251"]
[BlackElo "1079"]
[PlyCount "123"]
[EventDate "2020.04.14"]
[EventType "swiss (blitz)"]
[EventRounds "10"]
[EventCountry "USA"]
[SourceTitle "EXT 2021"]
[Source "ChessBase"]
[SourceDate "2020.10.23"]
[SourceVersion "1"]
[SourceVersionDate "2020.10.23"]
[SourceQuality "1"]

1. e4 e6 2. d4 d5 3. Bd3 Nf6 4. e5 Nfd7 5. f4 c5 6. c3 Nc6 7. Nf3 Qb6 8. Bc2 cxd4 9. cxd4 Be7 10. Nc3 0-0 11. 0-0 f5 12. exf6 Bxf6 13. Be3 Qxb2 14. Qd3 g6 15. Rab1 Qa3 16. Nxd5 Qxd3 17. Nxf6+ Nxf6 18. Bxd3 Nd5 19. Bd2 Nxf4 20. Bc4 Nd5 21. Ng5 Rf5 22. Rxf5 gxf5 23. Nf3 b6 24. Bxd5 exd5 25. Re1 Bd7 26. Bf4 Re8 27. Be5 Nxe5 28. Nxe5 Be6 29. Nd3 Kf7 30. Ne5+ Kf6 31. Kf2 Rc8 32. Re2 Rc1 33. h4 Rd1 34. Nf3 f4 35. Ng5 Bf5 36. Re8 Rd2+ 37. Kf3 Rxd4 38. Rf8+ Kg6 39. Rg8+ Kh5 40. Rf8 Bg4+ 41. Kf2 Rd2+ 42. Kf1 Rxa2 43. Rxf4 b5 44. Nxh7 Be2+ 45. Kg1 Bd3 46. Nf6+ Kg6 47. Nxd5 Ra1+ 48. Kh2 a5 49. g4 Bc4 50. Ne7+ Kg7 51. h5 Ra2+ 52. Kg3 Kh6 53. Nf5+ Kg5 54. Rf3 Rb2 55. Nd6 Rb3 56. Ne4+ Kh6 57. Rxb3 Bxb3 58. Kh4 a4 59. g5+ Kh7 60. g6+ Kh6 61. Ng3 a3 62. Nf5# 1-0